=LDR 00000nam 2200000 4500 =001 INLIS000000000007992 =005 20200414084117 =035 ##$$a 0010-061300000007992 =008 200414################g##########0#ind## =041 ##$$a Ind =082 ##$$a 2x2.9 =090 ##$$a 2x2.9, Jaf p =100 ##$$a Jafariyan, Rasul =245 1#$$a Penulisan dan penghimpunan hadis, kanan historis /$c Rasul ja'riyan ;Penerjemah, Dedy Jamaluddin Malik; Penyunting, Has manadi =260 ##$$a Jakarta :$b Lentera,$c 1992 =300 ##$$a 100 hlm ; $c 12 x 17 cm =650 #4$$a Hadis-sejarah pemikiran =084 ##$$a 2x2.9 JAF p =250 ##$$a cet. 1 =500 ##$$a Judul asli : Taddwin al-hadith : A historical study of the writing and compilation of hadith =990 ##$$a 100.802/Pro.96 =990 ##$$a 100.803/Pro-96 =990 ##$$a 100.802/Pro.96